Séries TV par personnages joués par des animaux - Statistiques

Statistiques générales
  • Ce quiz a été pris 102 fois
  • Le résultat moyen est 6 sur 20
Statistiques - réponses
Hint Réponse % Correct
Cheval / Tornado Zorro
76%
Chat / Salem Sabrina l'apprentie sorcière)
72%
Singe Capucin / Marcel Friends
51%
Loup / Fantôme Game Of Thrones
50%
Chienne / Happy 7 à la maison
38%
Dobermanns / Zeus et Apollon Magnum
32%
Tigresse / Shiva The Walking Dead
32%
Chat / Kit Charmed
26%
Chien / Pupuce En Famille
26%
Mule / Pénélope Docteur Quinn femme médecin
24%
Chien / Doc Grey's Anatomy
24%
Hamster / Bernard Malcolm
24%
Chèvre / Fred La Petite Maison dans la prairie
23%
Chien /Vincent Lost : Les disparus
21%
Furet / Sofia La Casa de Papel
20%
Jument / Argo Xena, la guerrière
18%
Chien empaillé /Rowdy Scrubs
17%
Rat / Steve McQueen Dr House
13%
Chien / Flash Sherif Fais Moi Peur
9%
Chien / Murray Dingue de Toi
7%
Aucun quiz correspondant
Distribution des résultats
% des personnes avec chaque résultat
Percentile par nombre de réponses
Votre historique - résultats
Vous n’avez pas pris ce quiz